| 000 | 01528ncm a2200505 c 4500 | ||
|---|---|---|---|
| 999 |
_c351307 _d351307 |
||
| 003 | BLK | ||
| 005 | 20231121142905.0 | ||
| 008 | 180414b bul |a|er|||| |0| c|bulo| | ||
| 010 | _aNOT00004093000 | ||
| 040 | _aBLK | ||
| 041 |
_aDEU _cDEU |
||
| 080 |
_aОбой учебна л-ра. Етюди, гами, упражнения _b788.7.087.5 _z788.7.087.5 _x788.7.087.5 |
||
| 100 | 1 |
_aВерди, Джузепе _eпърви автор _947626 |
|
| 139 |
_aВерди, Джузепе _bВ 49 |
||
| 245 | 1 | 0 |
_aOrchesterstudien fur Oboe _cGiuseppe Verdi; Hrsg. von Karl Kraus. |
| 257 | _aDEU | ||
| 260 |
_bFriedrich Hofmeister _c1959 _9402638 _aLeipzig |
||
| 300 |
_c30 см _a63 с. |
||
| 380 | _a7 | ||
| 490 |
_9403641 _aHofmeister Orchester-Studien _gOrchester-Studien fur Oboe _vHeft 16 |
||
| 650 | 0 |
_aОбой - гами, етюди _9403657 |
|
| 653 | 7 |
_aобой _9192541 |
|
| 653 | 0 |
_aоркестрови етюди _9403642 |
|
| 653 | _aетюди | ||
| 700 |
_aKraus, Karl _ehrsg. _9368213 |
||
| 852 |
_aЦб М ІІ 9231 _p0 _bИП _c787.3.087.5/Д 83 |
||
| 856 | 4 |
_qpdf _u |
|
| 856 | 4 |
_qpdf _u |
|
| 942 |
_cNOT _n0 _s1 |
||
| 944 |
_aCR _c2020-03-26 _k30560 _lГеновева Генчева |
||
| 944 | _aED | ||
| 999 | _d351307 | ||
| 999 | _d351307 | ||
| 999 | _d351301 | ||
| 999 | _d351301 | ||
| 999 | _d351275 | ||
| 999 | _d351275 | ||
| 999 | _d351275 | ||
| 999 | _d351275 | ||
| 999 | _d350134 | ||
| 999 | _d350134 | ||
| 999 | _d350134 | ||
| 999 | _d349623 | ||
| 999 | _d322015 | ||